000 00362nam a2200157Ia 4500
008 230524s9999 xx 000 0 und d
082 _a515
_bBAL
100 _aE.Balagurusamy
245 0 _aNumerical Methods
250 _a1ST
260 _aNEW DELHI
_bTMH
_c2002
300 _aXVI;602
500 _aQuantity Number: 2
650 _aMathematics
942 _cBK
999 _c30853
_d30853